banner-ar

الاسيوطى : (Record no. 62277)

MARC details
000 -الفاتح
حقل البيانات ثابتة الطول 01075nam a22002297a 4500
005 - وقت وتاريخ اخر تعامل مع التسجيلة
رقم الضبط 20240530110542.0
008 - عناصر البيانات ثابتة الطول - معلومات عامة
حقل البيانات ثابتة الطول 160103s2012 ua a g d 000 0 ara d
017 ## - رقم الايداع القانونى
رقم الايداع القانونى 2012/13671
المصدر ( الهيئة المختصة) مصر . دار الكتب المصرية
020 ## - الرقم الدولى المعيارى للكتب
الرقم الدولى المعيارى للكتاب 9789771304012
040 ## - مصدر الفهرسة
وكالة الفهرسة الأصلية EG-CaGPL
082 04 - رقم تصنيف ديوى العشرى
رقم الطبعة 21
رقم التصنيف 332.03\
رقم المادة م م
245 02 - بيان العنوان
العنوان الاسيوطى :
بقية العنوان معجم المصطلحات المصرفية و المالية انجليزى - فرنسى - عربى /
بيان المسئوليه,etc اعداد مجدى ناف الاسيوطى ؛ بالاشتراك مع امال مجدى الاسيوطى ، سلوى مجدى الاسيوطى ، عادل مجدى الاسيوطى .
250 ## - بيان الطبعة
بيان الطبعة ط1.
260 ## - PUBLICATION, DISTRIBUTION, ETC. (IMPRINT)
تاريخ النشر أو التوزيع 2012 .
300 ## - الوصف المادى
التعداد 1304ص ؛
أبعاد الوعاء 24 سم .
700 0# - المدخل الاضافى - اسم شخصى
الإسم الشخصى مجدى ناف الاسيوطى
الدور معد .
700 0# - المدخل الاضافى - اسم شخصى
الإسم الشخصى عادل مجدى الاسيوطى
الدور معد .
700 0# - المدخل الاضافى - اسم شخصى
الإسم الشخصى سلوى مجدى الاسيوطى
الدور معد .
700 0# - المدخل الاضافى - اسم شخصى
الإسم الشخصى امال مجدى الاسيوطى
الدور معد .
942 ## - عناصر المدخل الإضافي( كوها)
مصدر التصنيف او مخطط الترفيف Dewey Decimal Classification
Koha [default] item type كتاب
260 ## - PUBLICATION, DISTRIBUTION, ETC. (IMPRINT)
-- القاهرة :
-- مؤسسة الاهرام ،
Holdings
حالة التراجع حالة الفقد حالة تلف ليس للاعارة المكان المؤقت الموقع الحالى تاريخ الاكتساب اجمالي اﻻعارات رقم الطلب الباركود تاريخ اخر مشاهدة تاريخ تفعيل السعر نوع وعاء كوها
        مكتبة القاهرة الكبرى مكتبة القاهرة الكبرى 05/14/2016   332.03\ م م 161951 05/14/2016 05/14/2016 كتاب

Powered By

EGPV